| 000 -LEADER |
| fixed length control field |
01240nam a2200229Ia 4500 |
| 001 - CONTROL NUMBER |
| control field |
16929 |
| 003 - CONTROL NUMBER IDENTIFIER |
| control field |
GE_BSU |
| 008 - FIXED-LENGTH DATA ELEMENTS--GENERAL INFORMATION |
| fixed length control field |
181216s||||||||xx |||||||||||||| ||und|| |
| 040 ## - CATALOGING SOURCE |
| Transcribing agency |
GE_BSU |
| 080 ## - UNIVERSAL DECIMAL CLASSIFICATION NUMBER |
| Universal Decimal Classification number |
82-93 |
| 100 ## - MAIN ENTRY--PERSONAL NAME |
| Personal name |
ევდოშვილი, ი. (იროდიონ, 1873-1916) |
| 245 ## - TITLE STATEMENT |
| Title |
საბავშვო მოთხრობები |
| 245 ## - TITLE STATEMENT |
| Statement of responsibility, etc. |
რედ.დ.მაისურაძე. მხ.ირ.რაზმაძე |
| 260 ## - PUBLICATION, DISTRIBUTION, ETC. |
| Place of publication, distribution, etc. |
თბილისი |
| 260 ## - PUBLICATION, DISTRIBUTION, ETC. |
| Name of publisher, distributor, etc. |
საბლიტგამი |
| 260 ## - PUBLICATION, DISTRIBUTION, ETC. |
| Date of publication, distribution, etc. |
1949 |
| 300 ## - PHYSICAL DESCRIPTION |
| Extent |
108გვ. ; 21სმ. |
| 653 ## - INDEX TERM--UNCONTROLLED |
| Uncontrolled term |
მწყემსი გაგნა; კალოზე; ბატონო მასწავლებელო; უბედური ქორბუდა; ჩვენი ვარდი; ბიჭო გოგია |
| 653 ## - INDEX TERM--UNCONTROLLED |
| Uncontrolled term |
ორი ობოლი; კაკანათი; გაზაფხული; რას გალობს შაშვი; გულითადი ბიჭუნები მარწყვზე; ჭკვიანი ბასარა; ია; გულითადი მეგობრობა |
| 653 ## - INDEX TERM--UNCONTROLLED |
| Uncontrolled term |
საბავშვო მოთხრობები |
| 942 ## - ADDED ENTRY ELEMENTS (KOHA) |
| Koha item type |
წიგნი |